| 000 | 00723nam a2200277 a 4500 | ||
|---|---|---|---|
| 999 |
_c1701 _d1701 |
||
| 001 | 1701 | ||
| 003 | BD-JhCC | ||
| 005 | 20171029121040.0 | ||
| 008 | 880808s2006 ii a b 000 1 eng | ||
| 020 | _a0192815911 (pbk.) | ||
| 035 | _a0192815911 | ||
| 035 | _a(BD-JhCC)1701 | ||
| 040 |
_aDLC _cDLC _dBD-JhCC |
||
| 041 | _aeng | ||
| 050 | 1 | 0 |
_aPR4567.A2 _bT54 1982 |
| 050 | 4 | _aPZ3.D55Ol 1982 | |
| 082 |
_a428.6 _bDIC 2006 |
||
| 100 | 1 |
_aDickens, Charles, _d1812-1870. |
|
| 245 | 1 | 0 |
_aOliver Twist / _cCharles Dickens |
| 260 |
_aNew Delhi: _bInfinity Books, _c2006. |
||
| 300 |
_a247 p. : _bill ; _c19 cm. |
||
| 650 | _aFiction | ||
| 830 | 0 | _aWorld's classics. | |
| 942 |
_2ddc _cBK |
||